Normal view
MARC view
- تاليف ملكاوي، فوزي علي شهاب
Entry Personal Name
001 - CONTROL NUMBER
- control field: 10372
003 - CONTROL NUMBER IDENTIFIER
- control field: JO-AjAnu
005 - DATE AND TIME OF LATEST TRANSACTION
- control field: 20230606071951.0
008 - FIXED-LENGTH DATA ELEMENTS
- fixed length control field: 230606|| aca||aabn | a|a d
040 ## - CATALOGING SOURCE
- Original cataloging agency: JO-AjAnu
- Transcribing agency: JO-AjAnu
100 ## - HEADING--PERSONAL NAME
- Personal name: تاليف ملكاوي، فوزي علي شهاب
670 ## - SOURCE DATA FOUND
- Source citation: Work cat.: (JO-AjAnu)5341: تاليف ملكاوي، فوزي علي شهاب, author, ملكا في الركب: جولة في ماضي ملكا وحاضرها